Biblioteca

La salud en perspectiva bíblica (Registro nro. 52297)

Detalles MARC
000 -LÍDER
Campo fijo de descripción fija 00925aab a2200193 i 4500
001 - NÚMERO DE CONTROL
Campo de control 768714001
003 - IDENTIFICADOR DEL NÚMERO DE CONTROL
Campo de control CO-MdFUSB
005 - FECHA Y HORA DE LA ULTIMA TRANSACCIÓN
control field 20240423102024.0
008 - ELEMENTOS DE LONGITUD FIJA -- INFORMACIÓN GENERAL
Campo fijo de descripción fija -- Información general 240423t1998 ag ||||| |||| 00| 0 spa d
040 ## - FUENTE DE CATALOGACIÓN
Idioma de catalogación spa
Agencia que realiza la transcripción CO-MdFUSB
041 ## - CÓDIGO DE IDIOMA
Código de idioma para texto/pista de sonido o título separado spa
100 1# - ASIENTO PRINCIPAL--NOMBRE PERSONAL
Nombre personal Landa, Apolos
Término relacionador autor
245 #3 - TÍTULO
Título La salud en perspectiva bíblica
Mención de responsabilidad / Apolos Landa
300 ## - DESCRIPCIÓN FÍSICA
Extensión Volumen 17, número 2 (abril - julio, 1998), páginas: 13 - 15
Dimensiones ; 27 cm
520 ## - NOTA DE RESUMEN, ETC.
Nota de sumario, etc. Cuando hablamos de la búsqueda de una salud integral, hablamos de un nuevo tipo de avance en nuestro enfoque de la atención sanitaria. Reconoce la necesidad de iniciar un proceso gradual de cambio que se centre en mejorar el bienestar general y la calidad de vida, teniendo en cuenta toda la relación del individuo.
650 14 - ASIENTO SECUNDARIO DE MATERIA - TERMINO TEMÁTICO
Término temático o nombre geográfico como elemento de entrada SALUD
773 0# - ASIENTO DE ITEM FUENTE
Título Iglesia y Misión
Biblionumber 49402
Itemnumber 59634
Parte(s) relacionada(s) / Volumen., número. (mes año), páginas Volumen 17, número 2 (abril - julio, 1998), páginas: 13 - 15
Enumeración y primera página página: 13
942 ## - TIPO DE MATERIAL (KOHA)
Tipo de Item KOHA Artículos de Revista

No hay ítems disponibles.

Biblioteca FUSBC | Teléfono: (57+4) 349 88 10 Ext. 141| WhatsApp (+57) 3005338115 
E-mail: biblioteca@unisbc.edu.co | Calle 76 87-14 Robledo Palenque, Medellín, Colombia

Con tecnología Koha